Normal view
MARC view
Entry Personal Name
001 - CONTROL NUMBER
- control field: 80157
003 - CONTROL NUMBER IDENTIFIER
- control field: dpl
005 - DATE AND TIME OF LATEST TRANSACTION
- control field: 20250402164724.0
008 - FIXED-LENGTH DATA ELEMENTS
- fixed length control field: 250402|| aca||aabn | a|a d
040 ## - CATALOGING SOURCE
- Original cataloging agency: dpl
- Transcribing agency: dpl
100 ## - HEADING--PERSONAL NAME
- Personal name: Dubey, Nimish
670 ## - SOURCE DATA FOUND
- Source citation: Work cat.: (dpl)210695: Dubey, Nimish, Chambers Book Of Sports Facts/, 2024
